Di geshikhte funem Tsveytn Internatsional (Запись № 11623670)
[ простой вид ]
| 000 -МАРКЕР | |
|---|---|
| контрольное поле | 01716nam0a22003491 4500 |
| 001 - ИДЕНТИФИКАТОР ЗАПИСИ | |
| контрольное поле | RU\NLR\Evr\8691 |
| 005 - ИДЕНТИФИКАТОР ВЕРСИИ | |
| контрольное поле | 20251202160538.0 |
| 035 ## - ДРУГИЕ СИСТЕМНЫЕ НОМЕРА | |
| Идентификатор записи | (NLR Aleph) 011425064 |
| 100 ## - ДАННЫЕ ОБЩЕЙ ОБРАБОТКИ | |
| Данные общей обработки | 20151026d1932 u y0rusy50 ca |
| 101 1# - ЯЗЫК РЕСУРСА | |
| Язык оригинала | немецкий |
| Язык текста, звукозаписи и т.д. | идиш |
| 102 ## - СТРАНА ПУБЛИКАЦИИ ИЛИ ПРОИЗВОДСТВА | |
| Страна публикации | Российская Федерация |
| 105 ## - ПОЛЕ КОДИРОВАННЫХ ДАННЫХ: ТЕКСТОВЫЕ МАТЕРИАЛЫ, МОНОГРАФИЧЕСКИЕ | |
| Кодированные данные о монографическом текстовом документе | y ||||||||| |
| 200 1# - ЗАГЛАВИЕ И СВЕДЕНИЯ ОБ ОТВЕТСТВЕННОСТИ | |
| Связь между полями | a01 |
| Графика поля | Латинская |
| Основное заглавие | Di geshikhte funem Tsveytn Internatsional |
| Первые сведения об ответственности | Yozef Lents |
| Последующие сведения об ответственности | Mit a forvort fun Karl Radek; fun daytsh - Sh. Koshevnik |
| 210 ## - ПУБЛИКАЦИЯ, РАСПРОСТРАНЕНИЕ И ДР. | |
| Связь между полями | a01 |
| Место издания, распространения и т.д. | Moskve |
| Имя издателя, распространителя и т. д. | Emes |
| Дата издания, распространения и т.д. | 1932 |
| Графика поля | Латинская |
| 210 ## - ПУБЛИКАЦИЯ, РАСПРОСТРАНЕНИЕ И ДР. | |
| Связь между полями | a01 |
| -- | z02 |
| Место издания, распространения и т.д. | מאָסקווע |
| Имя издателя, распространителя и т. д. | עמעס |
| Дата издания, распространения и т.д. | 1932 |
| 210 ## - ПУБЛИКАЦИЯ, РАСПРОСТРАНЕНИЕ И ДР. | |
| -- | z02 |
| Место издания, распространения и т.д. | Москва |
| Имя издателя, распространителя и т. д. | Эмес |
| Дата издания, распространения и т.д. | 1932 |
| Графика поля | Кириллица |
| 215 ## - ФИЗИЧЕСКАЯ ХАРАКТЕРИСТИКА | |
| Специфическое обозначение материала и объем | 320 с. |
| Размеры | 22 см. |
| 316 ## - ПРИМЕЧАНИЯ ОБ ОСОБЕННОСТЯХ ЭКЗЕМПЛЯРА | |
| Текст примечания | На книге имеются пометы и наклейки, свидетельствующие о том, что она находилась в Отделе специального хранения ГПБ |
| Организация и экземпляр, к которому относится поле | NLR |
| 510 1# - ПАРАЛЛЕЛЬНОЕ ЗАГЛАВИЕ | |
| Связь между полями | a01 |
| Параллельное заглавие | די געשיכטע פונעם צווייטן אינטערנאציאָנאל |
| -- | יאָזעף לענץ |
| -- | מיט א פאָרוואָרט פון קארל ראדעק; פון דייטש - ש. קאָשעווניק |
| 541 1# - ПЕРЕВОД ЗАГЛАВИЯ, СДЕЛАННЫЙ КАТАЛОГИЗАТОРОМ | |
| Заглавие | История Второго Интернационала |
| Язык заглавия | русский |
| 700 #1 - ИМЯ ЛИЦА - ПЕРВИЧНАЯ ОТВЕТСТВЕННОСТЬ | |
| Связь между полями | a01 |
| Начальный элемент ввода | Ленц |
| Часть имени, кроме начального элемента ввода | И. |
| Расширение инициалов личного имени | Иосиф |
| Идентификатор авторитетной/нормативной записи | RU\NLR\AUTH\7958549 |
| Код отношения | Автор |
| Графика поля | Кириллица |
| 702 #1 - ИМЯ ЛИЦА - ВТОРИЧНАЯ ОТВЕТСТВЕННОСТЬ | |
| Начальный элемент ввода | Кошевник |
| Часть имени, кроме начального элемента ввода | Ш. |
| Идентификатор авторитетной/нормативной записи | RU\NLR\AUTH\7949505 |
| Код отношения | Переводчик |
| Графика поля | Кириллица |
| 702 #1 - ИМЯ ЛИЦА - ВТОРИЧНАЯ ОТВЕТСТВЕННОСТЬ | |
| Код отношения | Автор введения, предисловия, примечания и т.п. |
| Начальный элемент ввода | Радек |
| Часть имени, кроме начального элемента ввода | К. Б. |
| Дополнения к именам, кроме дат | партийный деятель, журналист |
| Даты | 1885-1939 |
| Расширение инициалов личного имени | Карл Бернгардович |
| Системный номер авторитетной/нормативной записи | 141316 |
| Идентификатор авторитетной/нормативной записи | RU\NLR\AUTH\770141352 |
| 801 #0 - ИСТОЧНИК ЗАПИСИ | |
| Страна | Российская Федерация |
| Организация | NLR |
| Дата составления | 20151026 |
| Правила каталогизации | psbo |
| 801 #0 - ИСТОЧНИК ЗАПИСИ | |
| Страна | Российская Федерация |
| Организация | NLR |
| Правила каталогизации | PSBO |
| 801 #1 - ИСТОЧНИК ЗАПИСИ | |
| Страна | Российская Федерация |
| Организация | NLR |
| Дата составления | 20151026 |
| Источник данных | rusmarc |
| 852 ## - МЕСТОНАХОЖДЕНИЕ И ШИФР ХРАНЕНИЯ | |
| Идентификатор организации | NLR |
| Наименование фонда или коллекции (Sub-Location Identifier) | ОЛСАА/идиш |
| Шифр хранения (Call Number) | М-1380 |
| 942 ## - ДОПОЛНИТЕЛЬНЫЕ ЭЛЕМЕНТЫ ЗАПИСИ (АБИС) | |
| Тип экземпляра АБИС | Книга |
| 980 ## - КОЛЛЕКЦИЯ | |
| Название коллекции | Национальная библиография |
| 980 1# - КОЛЛЕКЦИЯ | |
| Название коллекции | ОЛСАА Идиш |
Нет доступных экземпляров.